| 000 | 00778nam a22002297a 4500 | ||
|---|---|---|---|
| 008 | 081105t xxu||||| |||| 00| 0 eng d | ||
| 010 | _aENG-91508 | ||
| 020 | _c65.00 | ||
| 035 | _aEN-75041 | ||
| 037 | _bDBAD / PUB | ||
| 040 |
_adpl _bEnglish |
||
| 082 | _a519 | ||
| 100 | _aSasikala, S. | ||
| 245 |
_aEssence of probability & statistics / _cby S. Sasikala |
||
| 260 |
_aTrichy _bRajakumaran Publishers _c2008 |
||
| 270 |
_aNo.4, Kurinji Street, Annamalai Nagar, _bTrichy _e18 |
||
| 300 |
_a70p. _c22cm (pbk) |
||
| 650 | _aProbabilities | ||
| 650 | _aMathematical statistics | ||
| 942 |
_2ddc _cEN _mSAS _h519 |
||
| 999 |
_c18068 _d18068 |
||